000 00853nam a2200229 a 4500
001 000021763
005 20200930011435.0
008 100911s1974 ag a r 000 0 spa d
040 _aDO-SdBNP
_bspa
_cBNPHU
041 1 7 _aspa
_heng
_2Código de idioma MARC
082 _annnn
_bF699c
100 1 _aFord, Leroy,
_942199
240 1 0 _aUsing the lecture in teaching and training.
_lEspañol.
245 1 3 _aLa conferencia en la enseñanza / :
_bLeroy Ford ; traducción de Ana María Swenson.
260 _aArgentina :
_bCasa Bautista de Publicaciones,
_c[1974].
300 _a132 p. :
_bil. ;
_c22 cm.
490 1 _aCBP
_v11027
534 _pTítulo original en inglés:
_tUsing the lecture in teaching and training.
_cNashville, Tennessee : Broadman, 1968
700 1 _aSwenson, Ana María,
_etr.
_943676
830 0 _aCBP ;
_v11027
_945223
049 _aBNGR
999 _c21262
_d21262